000 01584nam0a22003851 4500
001 RU\NLR\bibl\1066291
005 20250615042118.0
010 _a5-9524-2473-2
_95000
021 _aRU
_b2007-54367
_92889
035 _a(nilc)EL/0000113055
035 _a(NLR Aleph) 001053543
090 _a893759
_c893759
100 _a20070320d2006 |||y0rusy50 ca
101 1 _arus
_ceng
102 _aRU
105 _aab z |||||
200 1 _aТрадиционная Япония
_eбыт, религия, культура
_fЧарльз Данн
_g[пер. с англ. О.Д. Сидоровой]
210 _aМосква
_cЦентрполиграф
_d2006
215 _a220, [2] с., [4] л. ил.
_cил., карт.
_d21
300 _aЗагл. и авт. ориг.: Everyday life in traditional Japan / Charles J. Dunn
454 0 _12001#$aEveryday life in traditional Japan$fCharles J. Dunn
_1700#1$aDunn$bC. J.$gCharles J.$4070
_tEveryday life in traditional Japan
_aDunn, Charles J.
607 _aЯпония
_xИстория
_z17 - 19 вв.
_91769013
_3RU\NLR\auth\661089003
607 _aЯпония
_xБыт и нравы
_xИстория
_92111456
_3RU\NLR\auth\661276032
686 _a63.5
_vLBC/PL
_2rubbk
686 _aТ3(5Я)4,02
700 1 _aДанн
_bЧ.
_gЧарльз
_4070
801 0 _aRU
_bЦУНБ Москва
_c20070320
_grcr
801 1 _aRU
_bЦУНБ Москва
_c20070320
801 2 _aRU
_bNLR
_c20070330
_grcr
852 _aNLR
_bОЛСАА-сл-спр
_j3-4464
942 _cBOOK
980 _aNB
980 1 _aSL_SPR